书目信息 |
| 题名: |
文艺修养与鉴赏
|
|
| 作者: | ;本社 , 上海人民出版社 编 | |
| 分册: | ||
| 出版信息: | 上海 上海人民出版社 1982.11 |
|
| 页数: | 226页 | |
| 开本: | 19cm | |
| 丛书名: | ||
| 单 册: | ||
| 中图分类: | D432-5 | |
| 科图分类: | ||
| 主题词: | 青年运动 , 学生运动 , 学生组织 , 青年组织 | |
| 电子资源: | ||
| ISBN: | ||
| 000 | 00711nam0 2200253 45 | |
| 001 | 0309281527 | |
| 005 | 20060810090417.95 | |
| 010 | @dCNY0.57 | |
| 091 | @a3074.645 | |
| 100 | @a20030928d1982 km y0chiy0120 ea | |
| 101 | 0 | @achi |
| 105 | @aa z 000zy | |
| 200 | 1 | @a文艺修养与鉴赏@AWen Yi Xiu Yang Yu Jian Shang@f上海人民出版社编@Fshang hai ren min chu ban she bian |
| 210 | @a上海@c上海人民出版社@d1982.11 | |
| 215 | @a226页@c冠图:照片@d19cm | |
| 606 | 0 | @a青年运动 |
| 606 | 0 | @a学生运动 |
| 606 | 0 | @a学生组织 |
| 606 | 0 | @a青年组织 |
| 690 | @aD432-5@v3 | |
| 711 | 02 | @a本社@4编 |
| 711 | 0 | @a上海人民出版社@Ashang hai ren min chu ban she@4编 |
| 801 | @aCN@bTSTC@c20060810 | |
| 905 | @dD432-5@e51 | |
| 文艺修养与鉴赏/上海人民出版社编.-上海:上海人民出版社,1982.11 |
| 226页:冠图:照片;19cm |
| ISBN :CNY0.57 |
| ● |
| 相关链接 |
|
|
|
|
正题名:文艺修养与鉴赏
索取号:D432-5/51
 
预约/预借
| 序号 | 登录号 | 条形码 | 馆藏地/架位号 | 状态 | 备注 |
| 1 | 0082457 | 001708245 | 密集书库/ [索取号:D432-5/51] | 在馆 | |
| 2 | 0082460 | 001708174 | 密集书库/ [索取号:D432-5/51] | 在馆 | |
| 3 | 0453823 | 204538232 | 密集书库/ [索取号:D432-5/51] | 在馆 |